Miasta w Liechtensteinie - Nagła Śmierć - Statystyki

Ogólne statystyki
  • Ten quiz został rozwiązany 87 razy
    37 od ostatniego zresetowania
  • Średni wynik to 7 z 11
Answers on the Grid
Answers color-coded by a green-red scale on the quiz's grid according to % correct below.
Akwizgran
Balzers
Davos
Eindhoven
Esch-sur-Alzette
Eschen
Fryburg
Gamprin
Innsbruck
Mauren
Planken
Reims
Ruggell
Salzburg
Sankt Gallen
Schaan
Schellenberg
Trewir
Triesen
Triesenberg
Triest
Vaduz
Villach
Winterthur
 
Statystyki odpowiedzi
Odpowiedź % Poprawnych
Vaduz
100%
Balzers
61%
Eschen
61%
Schaan
61%
Ruggell
57%
Schellenberg
57%
Triesenberg
57%
Mauren
54%
Planken
54%
Gamprin
50%
Triesen
46%
Nie znaleziono quizów pasujących do podanych kryteriów
Rozkład punktacji
Procent ludzi z każdym wynikiem
Percentyl według liczby udzielonych odpowiedzi
Twoja historia wyników
Nie rozwiązałeś tego quizu od ostatniego zresetowania